000
00319nam a22001457a 4500
003
SGT
020
_a
978-81-8457-100-4
082
_a
370
_b
SIN
100
_a
SINGH DOLLY
245
_a
HANDBOOK OF SPECIAL EDUCATION
260
_a
KANISHKA PUB NEW DELHI
_c
2016
300
_a
340
650
_a
EDUCATION
942
_2
ddc
_c
BK
999
_c
23103
_d
23103